Bryndza pokročila najviac
Slovenský potravinársky priemysel čakajú v EÚ okrem zvýšenia cien aj niektoré ďalšie zmeny. Ide o systém označovania špecifických potravín a zmeny niektorých názvov, ktoré sú v súčasnosti v protiklade s pravidlami EÚ. V celej EÚ sa tradičné potraviny predávajú spotrebiteľovi za vyššie ceny.
Enregistré dans:
| Auteur principal: | |
|---|---|
| Format: | Chapitre de livre |
| Langue: | slovaque |
| Sujets: | |
| Tags: |
Pas de tags, Soyez le premier à ajouter un tag!
|
MARC
| LEADER | 00000naa$a2200000$$$4500 | ||
|---|---|---|---|
| 001 | 0010213 | ||
| 005 | 20231107125128.7 | ||
| 041 | 0 | |a slo | |
| 044 | |a SK | ||
| 245 | 1 | 0 | |a Bryndza pokročila najviac |c aut. Daniel Košťál |
| 520 | |a Slovenský potravinársky priemysel čakajú v EÚ okrem zvýšenia cien aj niektoré ďalšie zmeny. Ide o systém označovania špecifických potravín a zmeny niektorých názvov, ktoré sú v súčasnosti v protiklade s pravidlami EÚ. V celej EÚ sa tradičné potraviny predávajú spotrebiteľovi za vyššie ceny. | ||
| 610 | 2 | 0 | |a potravinárstvo |
| 610 | 2 | 0 | |a mlieko |
| 610 | 2 | 0 | |a produkty |
| 610 | 2 | 0 | |a priemysel mliekarský |
| 610 | 2 | 0 | |a ceny |
| 610 | 2 | 0 | |a Európska únia |
| 100 | 1 | |a Košťál, Daniel | |